000 00688nam a2200277Ia 4500
005 20260324143445.0
008 008 260324s9999 xx 000 0 eng d
020 _a9780429301964
037 _aEBOOK
040 _aCRL
040 _beng
040 _cCRL
041 _2eng
041 _aeng
084 _qCRL
100 _a National Academy of Sciences
_91215700
245 0 _aPolicy Issues In Microcomputer Applications For Developing Countries
260 _bTaylor and Francis
260 _c1992
365 _a
365 _b99.99
856 _uhttp://www.taylorfrancis.com/books/9780429301964
942 _cEBOOK
999 _c1821134
_d1821134